Normal view
MARC view
Entry Personal Name
001 - CONTROL NUMBER
- control field: 4448
003 - CONTROL NUMBER IDENTIFIER
- control field: OSt
005 - DATE AND TIME OF LATEST TRANSACTION
- control field: 20190416113414.0
008 - FIXED-LENGTH DATA ELEMENTS
- fixed length control field: 190416|| aca||aabn | a|a d
040 ## - CATALOGING SOURCE
- Original cataloging agency: OSt
- Transcribing agency: OSt
100 ## - HEADING--PERSONAL NAME
- Personal name: Government of India
670 ## - SOURCE DATA FOUND
- Source citation: Work cat.: (OSt): Government of India, Demands for Grants for the Expenditure of the Central Government (Excluding Railways):1958-59, 1958
